00741cam a2200229 i 4500999001900000001000900019005001700028008004100045020002600086020002300112040001300135082002400148100001800172245007400190250001200264260002900276300004900305650003200354700001900386942000700405952009900412 c110848d1108481890966520190220110421.0151218s2016 enka b 001 0 eng  a9781292003139 (print) a1292003138 (print) cPK-LaUMT00a616.0019223bMOR-I1 aMorrison, Val13aAn introduction to health psychology /cVal Morrison and Paul Bennett a4th ed. aHarlow :bPearson,c2017 axvii, 657 p. :bcolor illustrations ;c27 cm 0aClinical health psychology.1 aBennett, Paul, cBK 00104070a01b01d2019-02-20l0o616.0019 MOR-Ip126899r2019-02-20 00:00:00w2019-02-20yBK